000 00964nam a2200265Ia 4500
003 GCL
008 140319s9999 xx 000 0 ara d
040 _aGCL /
_cGCL
082 0 4 _a091.1
_bج ا
100 1 _aجروهمان ادولف
245 1 0 _aاوراق البردى العربية بدار الكتب المصرية /
_cجروهمان ادولف
700 1 _aحسن ابراهيم حسن (مترجم)
700 1 _aعبدالحميد حسن (مراجع)
260 _a[S.N] :
_bدار الكتب المصرية ،
_c1994
490 _a
650 0 4 _aالحضارة العربية الاسلامية - المعارف البحرية
650 0 4 _aالتاريخ الاسلامى
650 0 4 _aالبردى
650 0 4 _aالكتابة العربية
650 0 4 _aالمخطوطات
650 0 4 _aالحضارة الاسلامية
650 0 4 _aدار الكتب والوثائق المصرية
650 0 4 _aمصادر
942 _2ddc
_cBK
999 _c36510
_d36510